| 000 | 004200000a22001810004500 | ||
|---|---|---|---|
| 003 | MACL | ||
| 005 | 20160128163945.0 | ||
| 008 | 160128b xxu||||| |||| 00| 0 eng d | ||
| 040 |
_aMACL _cMACL |
||
| 041 | _aEnglish | ||
| 082 | _a910/FRD | ||
| 100 |
_aFraser, Keath _935078 |
||
| 245 | _aWorst Jouneys | ||
| 260 |
_bRupa And Co _c1993 _aLondon |
||
| 350 | _a95 | ||
| 650 |
_aTravel _935079 |
||
| 942 |
_cBK _k910/Fra _2ddc |
||
| 999 |
_c31053 _d31053 |
||